[Event "UK Armed Forces-ch"]
[Site "Wittering"]
[Date "2023.04.17"]
[Round "7"]
[White "Knipe, Matthew"]
[Black "Pitchers, Michael"]
[Result "1-0"]
[WhiteElo "1654"]
[BlackElo "1348"]
[PlyCount "75"]
[EventDate "2023.04.14"]
[EventType "swiss"]
[EventRounds "7"]
[EventCountry "ENG"]
[SourceTitle "EXT 2024"]
[Source "ChessBase"]
[SourceDate "2023.10.10"]
[SourceVersion "1"]
[SourceVersionDate "2023.10.10"]
[SourceQuality "1"]

1. e4 d5 2. exd5 Nf6 3. Nf3 Qxd5 4. c4 Qd8 5. Be2 e6 6. 0-0 Bd6 7. d4 b6 8. Bg5 Be7 9. Nc3 Bb7 10. Ne5 0-0 11. f3 Nbd7 12. Bf4 c5 13. dxc5 Bxc5+ 14. Kh1 h6 15. Qc2 Nxe5 16. Bxe5 Qe7 17. Rad1 Rad8 18. Nb5 Rxd1 19. Rxd1 Rd8 20. a3 Rxd1+ 21. Qxd1 Nd7 22. Bd4 Bxd4 23. Qxd4 e5 24. Qd6 Qxd6 25. Nxd6 Bc6 26. Kg1 Nf6 27. Nc8 e4 28. fxe4 Nxe4 29. Bf3 f5 30. Ne7+ Kh7 31. Nxc6 Nd2 32. Bd5 a5 33. Kf2 g5 34. Nd4 Kg6 35. Ke2 Ne4 36. Bxe4 fxe4 37. Ke3 h5 38. Kxe4 1-0

[Event "UK Armed Forces-ch"]
[Site "Wittering"]
[Date "2023.04.16"]
[Round "5"]
[White "Knipe, Matthew"]
[Black "Foulds, Andrew"]
[Result "0-1"]
[WhiteElo "1654"]
[BlackElo "1814"]
[PlyCount "87"]
[EventDate "2023.04.14"]
[EventType "swiss"]
[EventRounds "7"]
[EventCountry "ENG"]
[SourceTitle "EXT 2024"]
[Source "ChessBase"]
[SourceDate "2023.10.10"]
[SourceVersion "1"]
[SourceVersionDate "2023.10.10"]
[SourceQuality "1"]

1. e4 d5 2. exd5 Nf6 3. Nf3 Nxd5 4. Bc4 c6 5. 0-0 Bg4 6. d4 e6 7. Qd3 Bf5 8. Qd2 Be7 9. Bxd5 cxd5 10. a3 Nd7 11. Nc3 Nb6 12. b3 Rc8 13. Ra2 0-0 14. Ne2 Nd7 15. c3 h6 16. a4 Nf6 17. Ng3 Bh7 18. Ba3 Rc7 19. Bxe7 Qxe7 20. Ne5 Rfc8 21. Rc1 Nd7 22. Qe3 Nxe5 23. dxe5 Qc5 24. Qxc5 Rxc5 25. c4 dxc4 26. b4 Rxe5 27. Rd2 Rd5 28. Rxd5 exd5 29. Ne2 Kf8 30. Nd4 Re8 31. Nb5 a6 32. Nd6 Re7 33. f3 Rd7 34. Nc8 Bd3 35. Kf2 d4 36. Nb6 Rc7 37. Nd5 Rc6 38. b5 axb5 39. axb5 Rc5 40. Nf4 Bf5 41. g4 Bd7 42. b6 c3 43. Ke2 Bb5+ 44. Nd3 0-1

[Event "BCF-chT4 2223 (4NCL)"]
[Site "England"]
[Date "2023.02.05"]
[Round "6.135"]
[White "Knipe, Matthew"]
[Black "Taylor, Marcel V"]
[Result "1-0"]
[WhiteElo "1400"]
[BlackElo "1696"]
[PlyCount "51"]
[EventDate "2022.11.05"]
[EventType "team-swiss"]
[EventRounds "11"]
[EventCountry "ENG"]
[SourceTitle "EXT 2024"]
[Source "ChessBase"]
[SourceDate "2023.10.10"]
[SourceVersion "1"]
[SourceVersionDate "2023.10.10"]
[SourceQuality "1"]
[WhiteTeam "War and Piece II"]
[BlackTeam "Ashfield III"]
[WhiteTeamCountry "ENG"]
[BlackTeamCountry "ENG"]

1. e4 c6 2. d4 d5 3. e5 Bf5 4. h4 h6 5. g4 Be4 6. f3 Bh7 7. e6 fxe6 8. Bd3 Bxd3 9. Qxd3 Qd6 10. f4 Nf6 11. Qg6+ Kd8 12. Nc3 h5 13. g5 Ng4 14. Nf3 Nd7 15. Nh2 Nxh2 16. Rxh2 Qb4 17. Qxe6 Qxd4 18. Be3 Qb4 19. 0-0-0 Nc5 20. Nxd5 Qxb2+ 21. Kxb2 Nxe6 22. Nb6+ Kc7 23. Nxa8+ Kb8 24. f5 Kxa8 25. fxe6 Kb8 26. Rhd2 1-0

[Event "BCF-chT4 2223 (4NCL)"]
[Site "England"]
[Date "2023.02.04"]
[Round "5.115"]
[White "Woods, Timothy J"]
[Black "Knipe, Matthew"]
[Result "0-1"]
[WhiteElo "1689"]
[BlackElo "1400"]
[PlyCount "44"]
[EventDate "2022.11.05"]
[EventType "team-swiss"]
[EventRounds "11"]
[EventCountry "ENG"]
[SourceTitle "EXT 2024"]
[Source "ChessBase"]
[SourceDate "2023.10.10"]
[SourceVersion "1"]
[SourceVersionDate "2023.10.10"]
[SourceQuality "1"]
[WhiteTeam "Sussex Martlets III"]
[BlackTeam "War and Piece II"]
[WhiteTeamCountry "ENG"]
[BlackTeamCountry "ENG"]

1. e4 c6 2. d4 d5 3. Nc3 dxe4 4. Nxe4 Nf6 5. Nxf6+ exf6 6. Bc4 Bd6 7. Nf3 0-0 8. 0-0 Re8 9. h3 Nd7 10. Bb3 Nf8 11. c4 Bd7 12. d5 c5 13. Be3 b6 14. Qd2 Ng6 15. Bc2 Ne5 16. Nxe5 Bxe5 17. Rab1 f5 18. Bf4 Bd4 19. b3 Qh4 20. Bg5 Qh5 21. Qf4 f6 22. Qh4 Qxg5 0-1